Basic Statistics / (Record no. 10587)
[ view plain ]
| 000 -LEADER | |
|---|---|
| fixed length control field | 00328cam a2200133ua 4500 |
| 020 ## - INTERNATIONAL STANDARD BOOK NUMBER | |
| ISBN | 81 224 0316 6 |
| 082 ## - DEWEY DECIMAL CLASSIFICATION NUMBER | |
| Classification number | 519.5 |
| Item number | AGA/BA |
| 100 ## - MAIN ENTRY--AUTHOR NAME | |
| Personal name | Agarwal, B L . |
| 245 ## - TITLE STATEMENT | |
| Title | Basic Statistics / |
| 250 ## - EDITION STATEMENT | |
| Edition statement | 2 / 5 |
| 260 ## - PUBLICATION, DISTRIBUTION, ETC. (IMPRINT) | |
| Place of publication | New Delhi : |
| Name of publisher | Wiley Eastern Ltd , |
| Year of publication | 1991. |
| 300 ## - PHYSICAL DESCRIPTION | |
| Number of Pages | 758 ,806 |
| Other physical details | 506 ; . |
| 942 ## - ADDED ENTRY ELEMENTS (KOHA) | |
| Koha item type | Books |
| Withdrawn status | Lost status | Damaged status | Home library | Current library | Date acquired | Full call number | Accession Number | Koha item type | Collection code | Shelving location | Source of acquisition | Cost, normal purchase price |
|---|---|---|---|---|---|---|---|---|---|---|---|---|
| KAUAET | KAUAET | 07/04/2012 | 519.5 AGA/BA | 19055 | Books | |||||||
| KAUAET | KAUAET | 20/10/2012 | 519.5 AGA/BA | BB 178 | Book Bank scheme for SC students | Non-fiction | Scheme | Penta Books Distributors, Calicut. | 395.00 | |||
| KAUAET | KAUAET | 20/10/2012 | 519.5 AGA/BA | BB 179 | Book Bank scheme for SC students | Non-fiction | Scheme | Penta Books Distributors, Calicut. | 395.00 |
